000 00304nam a22001337a 4500
008 170331b xxu||||| |||| 00| 0 eng d
020 _a0716720051
041 _aeng
080 _a616-053.2
100 _a8
101 _aSHM
245 _aTHE RATIONAL LEARNING IN INFANCY
_cBOWER, T.G.R
942 _2udc
_cBK
999 _c9273
_d9273